[Event "FSGMA December"]
[Site "Budapest HUN"]
[Date "2005.12.03"]
[Round "1"]
[White "Porat,S"]
[Black "Banusz,T"]
[Result "0-1"]
[WhiteElo "2444"]
[BlackElo "2460"]

1.d4 d5 2.c4 c6 3.Nf3 Nf6 4.Nc3 e6 5.e3 a6 6.Bd3 dxc4 7.Bxc4 b5 8.Bd3 c5
9.O-O Bb7 10.dxc5 Bxc5 11.e4 Nbd7 12.Qe2 Qb8 13.Bg5 h6 14.Bxf6 gxf6 15.Rfd1 Ke7
16.Bxb5 axb5 17.Rxd7+ Kxd7 18.Qxb5+ Ke7 19.Qxc5+ Qd6 20.Qh5 Qb6 21.e5 f5
22.Qh4+ Ke8 23.Qd4 Qxd4 24.Nxd4 Ke7 25.Ndb5 Bc6 26.Nd4 Bb7 27.Ndb5 f6 28.exf6+ Kxf6
29.Re1 Rhd8 30.h4 e5 31.Re2 Rg8 32.g3 Rgd8 33.Kh2 Bf3 34.Rc2 Rac8 35.a4 Rd1
36.g4 Rh1+ 37.Kg3 fxg4 38.Ne4+ Kg7  0-1

[Event "TCh-CZE Extraliga 2005-6"]
[Site "Czech Rep CZE"]
[Date "2005.12.04"]
[Round "6"]
[White "Szoen,D"]
[Black "Cernousek,L"]
[Result "0-1"]
[WhiteElo "2450"]
[BlackElo "2379"]

1.d4 d5 2.c4 c6 3.Nc3 Nf6 4.e3 e6 5.Nf3 Nbd7 6.Qc2 Bd6 7.g4 Bb4 8.Bd2 Qe7
9.g5 Bxc3 10.Bxc3 Ne4 11.Bd3 Nxc3 12.Qxc3 dxc4 13.Bxc4 b5 14.Bd3 Bb7 15.d5 O-O
16.dxc6 Rac8 17.Bxh7+ Kxh7 18.Qd3+ Kg8 19.cxb7 Rc4 20.b3 Nc5 21.Qe2 Rc3 22.Qxb5 Nd3+
23.Ke2 Rb8 24.Rhd1 Rxb7 25.Qa5 Rc5 26.Qa6 Rc2+ 27.Rd2 Nb4 28.Qa5 Rxd2+ 29.Nxd2 Qd6
30.Ne4 Qd3+ 31.Kf3 Rb5  0-1

[Event "TCh-CZE Extraliga 2005-6"]
[Site "Czech Rep CZE"]
[Date "2005.12.04"]
[Round "6"]
[White "Vechet,S"]
[Black "Kopal,J"]
[Result "1/2-1/2"]
[WhiteElo "2262"]
[BlackElo "2308"]

1.d4 d5 2.Nf3 c6 3.c4 Nf6 4.Nc3 e6 5.e3 Nbd7 6.Bd3 Bd6 7.O-O O-O 8.e4 dxc4
9.Bxc4 e5 10.Bg5 Qe7 11.Re1 Rd8 12.d5 h6 13.dxc6 bxc6 14.Bh4 Nb6 15.Be2 Be6
16.Qc2 Rab8 17.h3 Bc4 18.Bxc4 Nxc4 19.Nd1 Na5 20.Ne3 Qe6 21.Bxf6 Qxf6 22.b3 Qe6
23.Red1 f6 24.Rd3 Be7 25.Rad1 Rxd3 26.Rxd3 Rd8 27.Nf5 Kh7 28.Qd1 Rxd3 29.Qxd3 Bb4
30.Qd8 Qf7 31.Qd3 Qc7 32.N3h4 Bf8 33.Qd2 Nb7 34.Ng3 g6 35.Qd1 Qc8 36.Nf3 Qd8
37.Qc2 Qd7 38.Nd2 Nc5 39.Nc4 Ne6 40.Ne3 h5 41.Qc4 Bh6 42.Ngf1 Kg7 43.b4 Nd4
44.a4 Bf4 45.Nd1 Qe6 46.Qxe6 Nxe6 47.Nc3 a6 48.b5 cxb5 49.axb5 axb5 50.Nxb5  1/2-1/2

[Event "FSGMA December"]
[Site "Budapest HUN"]
[Date "2005.12.09"]
[Round "7"]
[White "Banusz,T"]
[Black "Erdos,V"]
[Result "1/2-1/2"]
[WhiteElo "2460"]
[BlackElo "2522"]

1.d4 Nf6 2.c4 e6 3.Nf3 d5 4.Nc3 c6 5.e3 Nbd7 6.Bd3 dxc4 7.Bxc4 b5 8.Bd3 a6
9.O-O c5 10.a4 b4 11.Ne4 Bb7 12.Ned2 Be7 13.Qe2 O-O 14.a5 Qc7 15.Rd1 Rfd8
16.Nc4 Be4 17.Bxe4 Nxe4 18.d5 exd5 19.Rxd5 Ndf6 20.Rxd8+ Rxd8 21.Bd2 Ng4
22.Be1 Ng5 23.g3 Nxf3+ 24.Qxf3 Ne5 25.Qe2 Nxc4 26.Qxc4 Qb7 27.b3 h5 28.h4 Qb5
29.Qc2 Bf6 30.Rc1 Rd3 31.Kh2 Bc3 32.Rb1 g6 33.Bxc3 bxc3 34.Kg1 Kh7 35.Rc1 c4
36.bxc4 Qxc4 37.Qe2 Qe4 38.Qe1 Qc6 39.Qf1 Qd7 40.Kh2 Qf5 41.Kg2 Qd5+ 42.Kh2 Kg7
43.Qg2 Qxa5 44.Qe4 Rd2 45.Kg2 Qc5 46.Rc2 Rxc2 47.Qxc2 Qc4  1/2-1/2

[Event "Bundesliga 2005-6"]
[Site "Katernberg GER"]
[Date "2005.12.10"]
[Round "5"]
[White "Gschnitzer,O"]
[Black "Fridman,D2"]
[Result "0-1"]
[WhiteElo "2427"]
[BlackElo "2564"]

1.d4 d5 2.c4 e6 3.Nc3 c6 4.e3 Nf6 5.Nf3 a6 6.Qc2 c5 7.cxd5 exd5 8.Be2 Nc6
9.O-O Be6 10.Rd1 Nb4 11.Qd2 Ne4 12.Nxe4 dxe4 13.Ne5 f6 14.a3 Nd5 15.Bh5+ g6
16.Nxg6 hxg6 17.Bxg6+ Bf7 18.Bxf7+ Kxf7 19.dxc5 Rh5 20.Qe2 Rf5 21.Qc4 Qd7
22.Qxe4 Re8 23.Qc4 Qe6 24.b4 Nc7 25.Qxe6+ Kxe6 26.e4 Rh5 27.Bf4 Rh7 28.Rd3 Rd7
29.Rxd7 Kxd7 30.Rd1+ Kc6 31.f3 a5 32.Kf1 Na6 33.Rd4 Kb5 34.Bd2 axb4 35.axb4 Nb8
36.h4 Nc6 37.Rd7 Re7 38.Rd6 Rf7 39.Re6 Kc4 40.g4 Nd4 41.Rb6 Nxf3 42.Bf4 Kd3
43.Kf2 Kxe4 44.c6 bxc6 45.Rxc6 Nxh4 46.Be3 Nf3 47.Rc4+ Kd5 48.Rf4 Ne5 49.Ke2 Ke6
50.b5 Bh6 51.Ra4 Bxe3 52.Kxe3 Rb7 53.Ra6+ Kf7 54.b6 Nc4+ 55.Ke4 Kg6 56.Ra8 Nxb6
57.Rg8+ Rg7 58.Rxg7+ Kxg7 59.Kf5 Nc8  0-1

[Event "ch-Marshall CC"]
[Site "New York USA"]
[Date "2005.12.10"]
[Round "3"]
[White "Sorkin,I"]
[Black "Zhao,P"]
[Result "1/2-1/2"]
[WhiteElo "2356"]
[BlackElo "2102"]

1.d4 d5 2.c4 c6 3.Nf3 Nf6 4.Nc3 e6 5.e3 Nbd7 6.Bd3 Bd6 7.e4 dxc4 8.Bxc4 b5
9.Bd3 e5 10.O-O O-O 11.a3 Bb7 12.Bg5 h6 13.Bh4 Re8 14.Bc2 Qe7 15.Re1 Bc7
16.d5 Rad8 17.Qe2 a6 18.Rad1 Nb6 19.dxc6 Bxc6 20.Bb3 Rxd1 21.Rxd1 Rd8 22.Nd5 Bxd5
23.exd5 g5 24.Bg3 Nfxd5 25.Nxe5 Re8 26.Bxd5 Bxe5 27.Re1 Nxd5 28.Qxe5 Qxe5
29.Rxe5 Rxe5 30.Bxe5 f6 31.Bd4 Kf7 32.Kf1 Ke6 33.g4 Nf4 34.f3 h5 35.Kf2 hxg4
36.fxg4 Nd3+ 37.Ke3 Ne5 38.h3 Kd5 39.Bc3 Nc4+ 40.Kf3 Ne5+ 41.Kg3 Ke4 42.h4 gxh4+
43.Kxh4 Kf3 44.g5 fxg5+ 45.Kxg5 Nc4 46.Kf5 Ke3 47.Ke6 Kd3 48.Kd5 Kc2 49.Kc5 Nxb2
50.Bxb2 Kxb2 51.Kb4  1/2-1/2

[Event "ch-Marshall CC"]
[Site "New York USA"]
[Date "2005.12.10"]
[Round "3"]
[White "Bercys,S"]
[Black "Almeida Saenz,A"]
[Result "0-1"]
[WhiteElo "2359"]
[BlackElo "2362"]

1.d4 Nf6 2.c4 e6 3.Nc3 d5 4.Nf3 c6 5.e3 Nbd7 6.Qc2 Bd6 7.Bd2 O-O 8.a3 a6
9.O-O-O b5 10.c5 Bc7 11.e4 dxe4 12.Nxe4 Nxe4 13.Qxe4 Nf6 14.Qc2 Nd5 15.Bd3 f5
16.Rde1 h6 17.g3 a5 18.b4 axb4 19.axb4 e5 20.dxe5 Be6 21.Qb1 Qd7 22.Bc2 Ra3
23.Nd4 Rfa8 24.Nb3 Qf7 25.Kb2 R3a4 26.Nd4 Ra2+ 27.Qxa2 Rxa2+ 28.Kxa2 Nxb4+
29.Kb2 Nxc2 30.Nxc2 Qd7 31.Bc3 Qd5 32.Bd4 b4 33.Rd1 Qa2+ 34.Kc1 b3 35.Ne3 f4
36.gxf4 Bf5  0-1

[Event "FSGMA December"]
[Site "Budapest HUN"]
[Date "2005.12.11"]
[Round "9"]
[White "Steingrimsson,H"]
[Black "Erdos,V"]
[Result "1/2-1/2"]
[WhiteElo "2435"]
[BlackElo "2522"]

1.d4 d5 2.c4 c6 3.Nf3 Nf6 4.Nc3 e6 5.e3 Nbd7 6.Qc2 Bd6 7.Bd3 O-O 8.O-O dxc4
9.Bxc4 b5 10.Be2 Bb7 11.Rd1 Qc7 12.a3 Rfe8 13.b4 e5 14.Bd2 exd4 15.exd4 Nb6
16.Rac1 Nbd5 17.Nxd5 Nxd5 18.Bd3 h6 19.Bh7+ Kh8 20.Be4 Qe7 21.Re1 Qf6 22.Qb2 Re6
23.Bxd5 cxd5 24.Rxe6 Qxe6 25.Ne5 Bxe5 26.dxe5 d4 27.Rc7 Qg4 28.f3 Bxf3 29.Bc1 Bd5
30.Qf2 Re8 31.h3 Qd1+ 32.Kh2 d3 33.Bxh6 Qh5 34.Bf4 Qg6 35.Qh4+ Kg8 36.Qg5 Qe4
37.Rd7 Bc6 38.Rd8 a6 39.Rd6 Re6 40.Rd8+ Re8 41.Rd6 Re6 42.Qd8+ Re8 43.Qg5 Re6
44.Qd8+ Re8  1/2-1/2

[Event "Bundesliga 2005-6"]
[Site "Solingen GER"]
[Date "2005.12.11"]
[Round "6"]
[White "Jussupow,Ar"]
[Black "Khenkin,I"]
[Result "1/2-1/2"]
[WhiteElo "2595"]
[BlackElo "2603"]

1.d4 d5 2.c4 e6 3.Nc3 c6 4.e3 Nf6 5.Nf3 a6 6.c5 Nbd7 7.b4 g6 8.Bb2 Bg7 9.Be2 O-O
10.O-O Qc7 11.Na4 Ne4 12.Nd2 Nxd2 13.Qxd2 e5 14.dxe5 Bxe5 15.Bxe5 Qxe5 16.Rad1 Re8
17.Qd4 Rb8 18.Rfe1 h5 19.Bf1 Nf6 20.f3 Bf5 21.Nc3 Re7 22.Qxe5  1/2-1/2

[Event "Bundesliga 2005-6"]
[Site "Solingen GER"]
[Date "2005.12.11"]
[Round "6"]
[White "Rustemov,A"]
[Black "Acs,P"]
[Result "1-0"]
[WhiteElo "2564"]
[BlackElo "2518"]

1.d4 d5 2.c4 c6 3.Nc3 Nf6 4.e3 e6 5.Nf3 Nbd7 6.Qc2 Bd6 7.b3 O-O 8.Be2 dxc4
9.bxc4 e5 10.O-O Re8 11.Rd1 Qe7 12.Rb1 b6 13.h3 e4 14.Nd2 c5 15.Nf1 a6 16.a4 Rb8
17.Ba3 Bb7 18.a5 bxa5 19.Qa4 Bc7 20.Rb2 Ba8 21.Rbd2 Nb6 22.Qc2 Bd6 23.Na4 Nxa4
24.Qxa4 Qc7 25.Bb2 cxd4 26.exd4 Bb4 27.Ne3 Bxd2 28.Rxd2 Rb4 29.Qa1 Reb8 30.Bf1 Qb6
31.Bc3 Rb1 32.Qa2 Nh5 33.Bxa5 Qd6 34.c5 Qc6 35.d5 Qxc5 36.d6 Bc6 37.d7 Bxd7
38.Rxd7 Qf8 39.Bc7 R1b7 40.Bc4  1-0

[Event "12th Open"]
[Site "Zadar CRO"]
[Date "2005.12.12"]
[Round "1"]
[White "Palac,M"]
[Black "Feletar,D"]
[Result "1-0"]
[WhiteElo "2571"]
[BlackElo "2394"]

1.d4 d5 2.c4 e6 3.Nc3 c6 4.e3 Nf6 5.Nf3 Nbd7 6.Bd3 dxc4 7.Bxc4 b5 8.Bd3 a6
9.a4 b4 10.Ne4 c5 11.O-O Bb7 12.Ned2 cxd4 13.exd4 a5 14.Nc4 Be7 15.Bf4 O-O
16.Rc1 Nd5 17.Bg3 N7b6 18.Ncd2 Rc8 19.Rxc8 Qxc8 20.Nb3 Nxa4 21.Qa1 Nab6 22.Nxa5 Ba6
23.Rc1 Qa8 24.Bxa6 Qxa6 25.Nc6 Qxa1 26.Rxa1 Rc8 27.Nxe7+ Nxe7 28.Bd6 Ned5
29.Bc5 Nd7 30.g3 f6 31.Ra5 Nxc5 32.dxc5 e5 33.Nd2 Nc7 34.Ne4 Ra8 35.Rxa8+ Nxa8
36.Nd6 Kf8 37.Kf1 Ke7 38.Nf5+ Kd7 39.Nxg7 Nc7 40.Nh5 Nd5 41.Ke2 Kc6 42.Kd3 Kxc5
43.b3 f5 44.f3 Ne7 45.Nf6  1-0

[Event "12th Open"]
[Site "Zadar CRO"]
[Date "2005.12.12"]
[Round "1"]
[White "Petkov,V"]
[Black "Jakic,I"]
[Result "0-1"]
[WhiteElo "2529"]
[BlackElo "2336"]

1.d4 d5 2.c4 c6 3.Nf3 Nf6 4.Nc3 e6 5.e3 Nbd7 6.Bd3 dxc4 7.Bxc4 b5 8.Bd3 a6
9.O-O c5 10.e4 cxd4 11.Nxd4 Bb7 12.Re1 Ne5 13.Bf4 Nxd3 14.Qxd3 Bc5 15.Rad1 O-O
16.Nb3 Qxd3 17.Rxd3 Bb4 18.f3 Rfd8 19.Red1 Rxd3 20.Rxd3 Rc8 21.Be5 Kf8 22.Bd6+ Bxd6
23.Rxd6 Ke7 24.Rb6 Rc7 25.Na5 Bc8 26.Nc6+ Ke8 27.Nb4 Nd7 28.Rc6 Kd8 29.Kf2 Rxc6
30.Nxc6+ Kc7 31.Na5 Ne5 32.Ke3 b4 33.Na4 Bd7 34.Nc5 Bb5 35.Kd4 Ng6 36.g3 Kb6
37.Ncb3 f6 38.Nc4+ Bxc4 39.Kxc4 Ne5+ 40.Kxb4 Nxf3 41.h4 h5 42.Kc3 Nh2 43.Nd4 e5
44.Nf5 g6 45.Ne3 Kc6 46.b4 Nf3 47.a4 Nd4 48.Kd3 Kd6 49.Nd5 f5 50.Ne3 Ke6
51.Nc4 fxe4+ 52.Kxe4 Ne2 53.Kf3 Nd4+ 54.Kf2 Kd5 55.Nd2 e4 56.Nf1 Kc4 57.b5 axb5
58.axb5 Nxb5 59.g4 Kd3 60.gxh5 gxh5 61.Ng3 Nd4 62.Nxh5 e3+ 63.Kg3 Kd2  0-1

[Event "12th Open"]
[Site "Zadar CRO"]
[Date "2005.12.12"]
[Round "1"]
[White "Doric,D"]
[Black "Martinovic,Sa"]
[Result "1-0"]
[WhiteElo "2402"]
[BlackElo "2182"]

1.d4 d5 2.c4 c6 3.Nc3 Nf6 4.Nf3 e6 5.e3 a6 6.c5 b6 7.cxb6 Qxb6 8.Na4 Qa7
9.Bd2 a5 10.Rc1 Ne4 11.Bd3 Nxd2 12.Nxd2 Ba6 13.Nb3 Bb4+ 14.Ke2 O-O 15.Bxa6 Nxa6
16.a3 Qb7 17.Qd3 Rfb8 18.Rhd1 g6 19.Kf1 Qb5 20.Qxb5 cxb5 21.Nac5 Bxc5 22.Nxc5 Nxc5
23.Rxc5 b4 24.a4 b3 25.Ke2 Rb4 26.Ra1 Rc4 27.Rxc4 dxc4 28.Rc1 Rc8 29.Kd2 Kf8
30.e4 Ke7 31.f3 Kd6 32.Rc3 g5 33.g3 f5 34.exf5 g4 35.fxg4 exf5 36.gxf5 Kd5
37.f6 Kxd4 38.f7  1-0

[Event "12th Open"]
[Site "Zadar CRO"]
[Date "2005.12.13"]
[Round "3"]
[White "Blagojevic,D"]
[Black "Gagarin,V"]
[Result "1/2-1/2"]
[WhiteElo "2541"]
[BlackElo "2422"]

1.d4 d5 2.c4 c6 3.Nc3 Nf6 4.e3 e6 5.Nf3 a6 6.a3 Nbd7 7.b4 Bd6 8.Bb2 O-O 9.c5 Bc7
10.Na4 Qe7 11.Be2 e5 12.dxe5  1/2-1/2

[Event "13th Salona"]
[Site "Solin CRO"]
[Date "2005.12.14"]
[Round "7"]
[White "Saric,A"]
[Black "Dizdarevic,E"]
[Result "1/2-1/2"]
[WhiteElo "2437"]
[BlackElo "2509"]

1.c4 c6 2.Nf3 d5 3.e3 Nf6 4.Nc3 e6 5.d4 Nbd7 6.Bd3 b6 7.O-O Bb7 8.Qe2 Be7
9.e4 dxe4 10.Nxe4 O-O 11.Rd1 Qc7 12.Bg5 c5 13.dxc5 bxc5 14.Nxf6+ Nxf6 15.Ne5 Rad8
16.Bd2 Nd7 17.Bc3 Nxe5 18.Bxe5 Qc6 19.Qg4 f6 20.Bc3 Rd6 21.Be2 Rfd8 22.Rxd6 Rxd6
23.Bf3 Qd7 24.Bxb7 Qxb7 25.Rd1 Rxd1+ 26.Qxd1 Qe4 27.b3 Kf7 28.g3 g6 29.Qd2 h5
30.h4 g5 31.hxg5 fxg5 32.Qe1 Qxe1+ 33.Bxe1 Kf6 34.f3 Kf5 35.a3 e5 36.b4 cxb4
37.axb4 a6  1/2-1/2

[Event "12th Open"]
[Site "Zadar CRO"]
[Date "2005.12.15"]
[Round "6"]
[White "Cvitan,O"]
[Black "Palac,M"]
[Result "1/2-1/2"]
[WhiteElo "2527"]
[BlackElo "2571"]

1.d4 d5 2.c4 e6 3.Nc3 c6 4.e3 Nf6 5.Nf3 a6 6.b3 Bb4 7.Bd2 Nbd7 8.Bd3 O-O
9.O-O Bd6 10.Rc1 Re8  1/2-1/2

[Event "12th Open"]
[Site "Zadar CRO"]
[Date "2005.12.15"]
[Round "6"]
[White "Kozul,Z"]
[Black "Rogic,D"]
[Result "1-0"]
[WhiteElo "2576"]
[BlackElo "2520"]

1.d4 d5 2.c4 c6 3.e3 Nf6 4.Nc3 e6 5.Nf3 Nbd7 6.Bd3 dxc4 7.Bxc4 b5 8.Bd3 a6
9.e4 c5 10.d5 Qc7 11.O-O c4 12.Bc2 Bb7 13.Bg5 Bd6 14.Re1 Ng4 15.h3 Nge5 16.Nd4 Nc5
17.dxe6 Ncd3 18.Bxd3 Nxd3 19.Qg4 h5 20.Qf5 O-O 21.Re2 g6 22.Qf3 Qb6 23.Qf6 Bc5
24.Bh6 Bxd4 25.e5 Bxf2+ 26.Kh2  1-0

[Event "12th Women"]
[Site "Zadar CRO"]
[Date "2005.12.16"]
[Round "7"]
[White "Olarasu,G"]
[Black "Solic,K"]
[Result "1-0"]
[WhiteElo "2323"]
[BlackElo "2162"]

1.d4 d5 2.c4 e6 3.Nc3 c6 4.e3 Nf6 5.Nf3 Nbd7 6.Qc2 b6 7.e4 dxe4 8.Nxe4 Bb7
9.Nxf6+ Nxf6 10.Be2 Be7 11.Bd2 c5 12.dxc5 Bxc5 13.Qa4+ Qd7 14.Qxd7+ Nxd7
15.O-O O-O 16.Rfd1 Rfd8 17.Be1 Nf6 18.Rxd8+ Rxd8 19.b4 Be7 20.Ne5 Ne4 21.Rd1 Rxd1
22.Bxd1 Bf6 23.f4 g5 24.g3 gxf4 25.gxf4 Bg7 26.b5 Bh6 27.Bg3 f6 28.Nc6 Nd2
29.Nxa7 Nxc4 30.Nc6 Nd6 31.a4 Kf8 32.Bf2 Bxc6 33.bxc6 Nc8 34.f5 Bf4 35.fxe6 Ke7
36.Bc2 h6 37.Bf5 Kd6 38.Bd4 Kxc6 39.Bxf6 Bd6 40.Bg7 h5 41.Bg6 h4 42.Be4+ Kc5
43.Kg2 Be7 44.Kf3 Nd6 45.Bc2 Nf5 46.Bxf5  1-0

[Event "5th Amplico AIG Life"]
[Site "Warsaw POL"]
[Date "2005.12.17"]
[Round "5"]
[White "Jussupow,Ar"]
[Black "Dziuba,M"]
[Result "1/2-1/2"]
[WhiteElo "2595"]
[BlackElo "2494"]

1.d4 d5 2.Nf3 c6 3.e3 Nf6 4.c4 e6 5.Nc3 Nbd7 6.Bd3 dxc4 7.Bxc4 b5 8.Bd3 a6
9.e4 c5 10.e5 cxd4 11.Ne4 Nd5 12.O-O Nc5 13.Bg5 Qb6 14.Nxc5 Bxc5 15.Rc1 Bb7
16.Be4 h6 17.Bd2 O-O 18.Bb1 d3 19.Qb3 Ne7 20.Qxd3 Nf5 21.Qe2 Rfd8 22.Be4 Nd4
23.Nxd4  1/2-1/2

[Event "5th Amplico AIG Life"]
[Site "Warsaw POL"]
[Date "2005.12.17"]
[Round "8"]
[White "Staniszewski,Pi"]
[Black "Sveshnikov,E"]
[Result "0-1"]
[WhiteElo "2424"]
[BlackElo "2507"]

1.d4 d5 2.c4 e6 3.Nf3 Nf6 4.Nc3 c6 5.e3 Nbd7 6.Bd3 dxc4 7.Bxc4 b5 8.Bd3 b4
9.Ne4 Nxe4 10.Bxe4 Bb7 11.O-O Bd6 12.a3 a5 13.axb4 axb4 14.Rxa8 Qxa8 15.Bd2 Ke7
16.Qb3 f5 17.Ng5 Nf8 18.Bxb4 Bxb4 19.Qxb4+ Kf6 20.f4 h6 21.Bxf5 c5 22.Qxc5 Bd5
23.Bxe6 Nxe6 24.Nxe6 Bxe6 25.f5 Bd5 26.Qd6+ Kf7 27.f6 Rg8 28.Qe7+ Kg6 29.e4 Bxe4
30.Qe6 Qd5 31.fxg7+  0-1

[Event "5th Amplico AIG Life"]
[Site "Warsaw POL"]
[Date "2005.12.18"]
[Round "13"]
[White "Aleksandrov,A"]
[Black "Gajewski,G"]
[Result "1-0"]
[WhiteElo "2636"]
[BlackElo "2461"]

1.d4 d5 2.c4 c6 3.Nc3 Nf6 4.e3 e6 5.Nf3 Nbd7 6.Qc2 Bd6 7.g4 dxc4 8.Bxc4 Nb6
9.Be2 Nxg4 10.Rg1 e5 11.Bd2 exd4 12.Nxd4 Nxf2 13.Nf5 Nh3 14.Rg2 Be5 15.O-O-O Be6
16.Bg4 Qd7 17.e4 Ng5 18.h4 Qd8 19.Bxg5 Nc4 20.Nd4 Qa5 21.Qb3 Rg8 22.Nf5 Qa6
23.Qb4 f6 24.Qc5 Rh8 25.Bh6 Bc8  1-0

[Event "12th Open"]
[Site "Zadar CRO"]
[Date "2005.12.18"]
[Round "9"]
[White "Blagojevic,D"]
[Black "Pavasovic,D"]
[Result "1-0"]
[WhiteElo "2541"]
[BlackElo "2527"]

1.d4 d5 2.c4 e6 3.Nc3 c6 4.e3 Nf6 5.Nf3 Nbd7 6.Bd3 dxc4 7.Bxc4 b5 8.Be2 Bb7
9.O-O a6 10.e4 c5 11.e5 Nd5 12.a4 b4 13.Ne4 Qc7 14.Qd3 h6 15.Bd2 Be7 16.Rfc1 Rc8
17.Ne1 Qb8 18.Qg3 cxd4 19.Rxc8+ Bxc8 20.Nd3 Kf8 21.Rc1 g6 22.h4 Bb7 23.Nd6 Kg7
24.h5 g5 25.Bf3 a5 26.Nxb7 Qxb7 27.Be4 Rc8 28.f4 Rxc1+ 29.Bxc1 f6 30.exf6+ N7xf6
31.fxg5  1-0

[Event "14th Donau Open"]
[Site "Aschach AUT"]
[Date "2005.12.26"]
[Round "1"]
[White "Simic,Mi"]
[Black "Pavasovic,D"]
[Result "0-1"]
[WhiteElo "2164"]
[BlackElo "2527"]

1.d4 d5 2.c4 e6 3.Nc3 c6 4.e3 Nf6 5.Nf3 Nbd7 6.Qc2 Bd6 7.Bd3 O-O 8.O-O dxc4
9.Bxc4 b5 10.Bd3 Bb7 11.a3 Re8 12.e4 e5 13.Bg5 h6 14.Bxf6 Qxf6 15.d5 a6 16.dxc6 Bxc6
17.b4 Rac8 18.Qb3 Nb6 19.Rfd1 Rc7 20.Rac1 Rec8 21.Rc2 Bd7 22.Rdc1 Be6 23.Nd5 Bxd5
24.exd5 Rxc2 25.Rxc2 Rxc2 26.Bxc2 Qf4 27.g3 Qc4 28.Nd2 Qxd5 29.Qd3 Qxd3 30.Bxd3 Kf8
31.Be4 Nd7 32.Bb7 Nb8 33.Ne4 Ke7 34.Bd5 f5 35.Nc3 e4 36.f3 Be5 37.Nd1 f4
38.Bxe4 fxg3 39.h4 Bf4 40.Bc2 Nc6 41.Nc3 Bc1 42.Nb1 Ne5 43.Kg2 Nc4 44.Be4 Nd6
45.Bd3 Bf4 46.Nc3 Be5 47.Nd5+ Kd8 48.h5 Bb2 49.Kxg3 Bxa3 50.Kf4 Kd7 51.Ke3 Bb2
52.Kd2 Bd4 53.Kc2 Nc4 54.Be4 Be5 55.Nc3 Nd6 56.Bd5 Kc7 57.Ne4 Nf5 58.Kd3 Ne7
59.Bf7 Nc6 60.Nc5 Nxb4+ 61.Ke3 Bb2 62.Ne6+ Kd6  0-1

[Event "21st Winter Open"]
[Site "Nice FRA"]
[Date "2005.12.26"]
[Round "1"]
[White "Henneteau,J"]
[Black "Libiszewski,F"]
[Result "0-1"]
[WhiteElo "2127"]
[BlackElo "2459"]

1.d4 d5 2.Nf3 Nf6 3.c4 e6 4.Nc3 c6 5.e3 a6 6.Qc2 c5 7.a3 dxc4 8.dxc5 Bxc5
9.Bxc4 Nbd7 10.b4 Be7 11.Bb2 b5 12.Be2 Bb7 13.O-O Rc8 14.Rfd1 Qc7 15.Qb3 Ng4
16.h3 Nge5 17.Nxe5 Nxe5 18.a4 Nc4 19.Bxc4 bxc4 20.Qc2 Qc6 21.f3 Qb6 22.b5 Qxe3+
23.Kh1 Bf6 24.bxa6 Ba8 25.Nb5 O-O 26.Bxf6 gxf6 27.Rd4 Kh8 28.Rh4 h6 29.Qc1 Qg5
30.Rg4 Qh5 31.Qf4 Rg8 32.Qxf6+ Kh7 33.Rh4 Qg6 34.Qxg6+ Rxg6 35.Rc1 Bd5 36.a7 f5
37.Rd4 Rg7 38.Nd6 Rcg8 39.Rc2 Rxa7 40.Nxf5 Rxa4 41.Ne7 Rd8 42.Nxd5 exd5 43.Kh2 Kg6
44.Rcd2 Kf5 45.Rxd5+ Rxd5 46.Rxd5+ Kf4 47.Rh5 Ke3 48.Rxh6 c3 49.Rc6 Kd3 50.g4 Rc4
51.Ra6 c2 52.Ra1 c1=Q 53.Rxc1 Rxc1 54.Kg3 Ke3 55.Kh4 Kf4 56.Kh5 Rc6 57.h4 Ra6
58.g5 Kf5 59.f4 Rb6 60.g6 Rf6 61.Kh6 Rxg6+ 62.Kh7 Rg4 63.h5 Rh4 64.h6 Kf6  0-1

[Event "14th Donau Open"]
[Site "Aschach AUT"]
[Date "2005.12.27"]
[Round "3"]
[White "Jurek,J"]
[Black "Pavasovic,D"]
[Result "1/2-1/2"]
[WhiteElo "2373"]
[BlackElo "2527"]

1.d4 d5 2.c4 e6 3.Nf3 Nf6 4.Nc3 c6 5.e3 Nbd7 6.Qc2 Bd6 7.Bd3 O-O 8.O-O dxc4
9.Bxc4 b5 10.Bd3 Bb7 11.h3 h6 12.Ne4 Nxe4 13.Bxe4 f5 14.Bd3 c5 15.Bxb5 Bxf3
16.gxf3 Qg5+ 17.Kh1 Qh5 18.Kg2 Qg5+ 19.Kh1 Qh5 20.Kg2 Qg5+  1/2-1/2

[Event "14th Donau Open"]
[Site "Aschach AUT"]
[Date "2005.12.28"]
[Round "4"]
[White "Jurek,J"]
[Black "Szuhanek,R"]
[Result "1/2-1/2"]
[WhiteElo "2373"]
[BlackElo "2444"]

1.d4 d5 2.c4 c6 3.Nf3 Nf6 4.Nc3 e6 5.e3 Nbd7 6.Qc2 Bd6 7.Bd3 O-O 8.O-O dxc4
9.Bxc4 a6 10.Rd1 Qe7 11.h3 c5 12.a3 b5 13.Be2 Bb7 14.dxc5 Nxc5 15.b4 Nce4
16.Bb2 Rac8 17.Qb3 Rc7 18.Rac1 Rfc8 19.Nxe4 Nxe4 20.Rxc7 Rxc7 21.Rc1 Rxc1+
22.Bxc1 Ng5 23.Qd1 Bd5  1/2-1/2

[Event "Harmonie Invitation"]
[Site "Groningen NED"]
[Date "2005.12.28"]
[Round "5"]
[White "Adly,A"]
[Black "Ragger,M"]
[Result "0-1"]
[WhiteElo "2480"]
[BlackElo "2433"]

1.d4 d5 2.c4 c6 3.Nc3 Nf6 4.Nf3 e6 5.e3 a6 6.b3 Bb4 7.Bd2 O-O 8.Qc2 Nbd7
9.Bd3 Qe7 10.Ne5 Nxe5 11.dxe5 Nd7 12.f4 h6 13.e4 dxc4 14.Bxc4 b5 15.Be2 Bb7
16.O-O Rad8 17.Kh1 f6 18.exf6 Nxf6 19.Bf3 e5 20.a3 Bxa3 21.fxe5 Nd7 22.b4 Bxb4
23.Qb3+ Kh8 24.Nd5 cxd5 25.Bxb4 Qxe5 26.exd5 Rfe8 27.Rae1 Qg5 28.Ba5 Rc8
29.d6 Bxf3 30.Qxf3 Qc5 31.Qg4 Rxe1 32.Rxe1 Qxd6 33.Rd1 Qc6 34.h3 Nf6 35.Qf5 Re8
36.Bd8 Qe4 37.Qf2 Qe2 38.Qd4 Ne4 39.Bh4 Qh5 40.Be1 Rf8 41.Ra1 Qg6 42.Bh4 Kh7
43.Qa7 Qh5 44.Qe7 Rf4 45.Be1 Rf1+ 46.Kh2 Qf5 47.Qc7 Qc5 48.Qxc5 Nxc5 49.Bc3 Rxa1
50.Bxa1 b4 51.Kg3 b3 52.Kf3 Nd3 53.Ke3 b2 54.Bxb2 Nxb2 55.Kd4 Kg6 56.Kc3 Nd1+
57.Kd2 Nf2 58.Ke3 a5  0-1

[Event "Harmonie Invitation"]
[Site "Groningen NED"]
[Date "2005.12.28"]
[Round "6"]
[White "Frolyanov,D"]
[Black "Adly,A"]
[Result "1/2-1/2"]
[WhiteElo "2508"]
[BlackElo "2480"]

1.d4 d5 2.c4 e6 3.Nc3 Nf6 4.Nf3 c6 5.e3 Nbd7 6.Bd3 dxc4 7.Bxc4 b5 8.Bd3 a6
9.e4 c5 10.e5 cxd4 11.Nxb5 axb5 12.exf6 gxf6 13.O-O Qb6 14.Qe2 Ba6 15.a4 Nc5
16.axb5 Bb7 17.Rxa8+ Bxa8 18.Bc4 Rg8 19.Bf4 Rg4 20.Bg3 h5 21.Rd1 Ne4 22.Qc2 Nxg3
23.hxg3 Bxf3 24.gxf3 Rxg3+ 25.Kf1 Rxf3 26.Qe4 Rf5 27.Qa8+ Qd8 28.Qc6+ Ke7
29.Ra1 Qd7 30.Qb6 Qc8 31.Qxd4 Bh6 32.Qa7+ Ke8 33.Qa8 Qxa8 34.Rxa8+ Kd7 35.Ra7+ Kd6
36.Ra6+ Kc7 37.Ra7+ Kd6 38.Ra6+ Kc7 39.Ra7+ Kb6 40.Rxf7 Be3 41.Ke2 Bd4 42.Bxe6 Rxf2+
43.Kd3 Bxb2 44.Rh7 Rh2 45.Bd7 Be5 46.Bc6 Kc5 47.Ke4 h4 48.Bd7 Rd2 49.Kf3 Rd3+
50.Kg2 Rd2+ 51.Kf3 Rd3+ 52.Kg2 Rg3+ 53.Kf1 Rd3  1/2-1/2

[Event "Masters"]
[Site "Hastings ENG"]
[Date "2005.12.28"]
[Round "1"]
[White "Gagunashvili,M"]
[Black "Thompson,I"]
[Result "0-1"]
[WhiteElo "2542"]
[BlackElo "2295"]

1.d4 d5 2.c4 e6 3.Nc3 c6 4.e3 Nf6 5.Nf3 Nbd7 6.Qc2 Bd6 7.b3 O-O 8.Be2 b6
9.O-O Bb7 10.Bb2 Qe7 11.Rad1 Rad8 12.e4 Nxe4 13.Nxe4 dxe4 14.Qxe4 f5 15.Qc2 c5
16.Ba3 Bxf3 17.Bxf3 cxd4 18.Bb2 Ne5 19.Be2 Bc5 20.a3 a5 21.b4 axb4 22.axb4 d3
23.Bxd3 Nxd3 24.bxc5 Nxb2 25.Qxb2 Qxc5 26.g3 e5 27.Rb1 Rf6 28.Qb5 Qd4 29.Qb3 Qc5
30.Qb5 Qd6 31.Qb3 Qe6 32.Rfc1 Rc8 33.Qb4 f4 34.c5 fxg3 35.fxg3 bxc5 36.Rxc5 Rcf8
37.Qc4 Qxc4 38.Rxc4 h5 39.Re4 Rf5 40.Rbe1 Re8 41.h3 Kf7 42.Kg2 Re6 43.g4 hxg4
44.hxg4 Rf4 45.Rxe5 Rxg4+ 46.Kf3 Rgg6 47.Rxe6 Rxe6 48.Ra1 Kf6 49.Kf4 Rb6
50.Ra4 Rc6  0-1

[Event "XXXV Rilton Cup"]
[Site "Stockholm SWE"]
[Date "2005.12.29"]
[Round "3"]
[White "Johannessen,LE"]
[Black "Ernst,T"]
[Result "1-0"]
[WhiteElo "2564"]
[BlackElo "2475"]

1.d4 d5 2.c4 c6 3.Nf3 Nf6 4.Nc3 e6 5.e3 Nbd7 6.Qc2 Bd6 7.g4 dxc4 8.Bxc4 e5
9.g5 Nd5 10.Ne4 Bc7 11.Be2 exd4 12.Nxd4 Ne5 13.Bd2 Bd7 14.a3 Qe7 15.Nc5 Qxg5
16.O-O-O Qf6 17.f4 Ng6 18.Nxd7 Kxd7 19.Bf3 Nge7 20.Nb5 cxb5 21.Bxd5 Nxd5
22.Bc3 Qe6 23.Rxd5+ Qxd5 24.Rd1 Qxd1+ 25.Qxd1+ Kc6 26.Qc2 Kb6 27.Bd4+ Ka6
28.a4 Rac8 29.Qd3 b6 30.Qxb5+ Kb7 31.Qd7 Kb8 32.Kb1 Rhg8 33.Qxf7 g5 34.fxg5 Rxg5
35.h4 Ra5 36.Qd7 Rh5 37.Qg4 Rd5 38.Qe4 Rcd8 39.Bf6 R8d7 40.h5 Bd8 41.Bxd8 Rxd8
42.Qxh7 Rc5 43.e4 Rd1+ 44.Ka2 Rh1 45.e5 Re1 46.Qh8+ Kb7 47.Qg7+ Kb8 48.e6 Rce5
49.h6 Rxe6 50.h7 Rh1 51.Qg8+ Kc7 52.Qxe6 Rxh7 53.Qc4+ Kd8 54.Qg8+  1-0

[Event "Master Open"]
[Site "Zurich SUI"]
[Date "2005.12.29"]
[Round "6"]
[White "Csajka,F"]
[Black "Arbinger,R"]
[Result "1-0"]
[WhiteElo "2256"]
[BlackElo "2126"]

1.d4 d5 2.c4 c6 3.Nc3 Nf6 4.e3 e6 5.Nf3 Nbd7 6.Qc2 Bd6 7.g4 dxc4 8.g5 Nd5
9.Bxc4 a6 10.Bd2 b5 11.Be2 Nb4 12.Qb3 c5 13.Ne4 Be7 14.dxc5 Bb7 15.Qxb4 Bxe4
16.Qxe4 Nxc5 17.Qd4  1-0

[Event "Xstrata ch-AUS 2006"]
[Site "Brisbane AUS"]
[Date "2005.12.30"]
[Round "3"]
[White "Ftacnik,L"]
[Black "Zhao Zong Yuan"]
[Result "1-0"]
[WhiteElo "2612"]
[BlackElo "2461"]

1.d4 d5 2.c4 c6 3.Nc3 Nf6 4.Nf3 e6 5.e3 Nbd7 6.Qc2 b6 7.Bd3 Bb7 8.O-O Bd6
9.e4 dxe4 10.Nxe4 Nxe4 11.Bxe4 Qc7 12.Be3 c5 13.Bxb7 Qxb7 14.Rad1 O-O 15.d5 e5
16.Ng5 f5 17.g4 g6 18.Ne6 f4 19.Nxf8 Rxf8 20.Bc1 f3 21.Qe4 Qc8 22.h3 Qd8
23.g5 Rf5 24.Rd3 Qf8 25.Kh1 b5 26.b3 bxc4 27.bxc4 Nb6 28.Rg1 Qc8 29.Rxf3 Rxf3
30.Qxf3 Nxc4 31.Rg4  1-0